| 000 | 01099nam a22002657a 4500 | ||
|---|---|---|---|
| 005 | 20170124102927.0 | ||
| 010 | _aB-144725 | ||
| 020 | _c250.00 | ||
| 035 | _aB-144725 | ||
| 037 | _bCen Lib/Ret | ||
| 040 |
_aDPL _bHN |
||
| 082 |
_a371.954 _bआर्यपी |
||
| 100 |
_aआर्यपी, पी.के. _972 |
||
| 245 |
_aभारत के श्रेस्ठ शिक्षा संस्थान / _c पी.के.आर्य |
||
| 246 |
_abharat ke shreshath shiksha sansthan _bby P.K. Arya |
||
| 260 |
_aजयपुर _bमनोज पब्लिकेशन्स _c2005 |
||
| 270 |
_aधामानी मार्किट की गली चौड़ा रास्ता _bजयपुर |
||
| 300 |
_a189पृष्ठ. : _c21सेमी(सजिल्द) _bचित्र. |
||
| 650 |
_aशिक्षा _944010 |
||
| 650 |
_aशिक्षा संस्थान _944011 |
||
| 650 |
_aEducation _91169 |
||
| 650 |
_aEducation-Institutes _944012 |
||
| 700 | _942542 | ||
| 942 |
_2ddc _cHN _h371.954 _mआर्यपी |
||
| 999 |
_c111671 _d111671 |
||